Normal view MARC view
  • Remote sensing.

Entry Topical Term

Number of records used in: 1

001 - CONTROL NUMBER

  • control field: 36261

003 - CONTROL NUMBER IDENTIFIER

  • control field: NUST

005 - DATE AND TIME OF LATEST TRANSACTION

  • control field: 20210312163949.0

008 - FIXED-LENGTH DATA ELEMENTS

  • fixed length control field: 210312|| aca||aabn | a|a d

040 ## - CATALOGING SOURCE

  • Original cataloging agency: NUST
  • Transcribing agency: NUST

150 ## - HEADING--TOPICAL TERM

  • Topical term or geographic name entry element: Remote sensing.
  • Topical term following geographic name entry element: NUST

670 ## - SOURCE DATA FOUND

  • Source citation: Work cat.: (NUST): Lillesand, Thomas M. 3473, Remote sensing and image interpretation /, c2008.
© 2023 Central Library, National University of Sciences and Technology. All Rights Reserved.